000
00346nam a2200157Ia 4500
100
_a
Moussavi/Massoud
650
_a
Datacommunication
942
_c
RB
366
_f
25
245
_a
Datacommunication and networking
260
_b
Delmar/Cengage
_c
2012
082
_a
4.65
_b
MOU
300
_a
310
546
_a
ENGLISH
_c
Computers
999
_c
32002
_d
32002